Movies Quiz

Random Movies or Clickable Quiz

Horror Movies by Decade Quiz Stats

 Plays Quiz Updated Oct 19, 2017

Score 0/45 Timer 10:00
4 Plays Today
% Correct
1980s
73.4%
1990s
70.8%
1970s
70.3%
2000s
66.7%
1960s
64.9%
1990s
63.5%
1970s
63.1%
1980s
62.6%
2000s
62.5%
2000s
60.1%
1960s
57.9%
1980s
57.4%
2010s
56.7%
1930s
56.3%
1930s
55.5%
1930s
55.4%
1970s
55.2%
2010s
50.6%
2000s
50.2%
2010s
47%
1960s
44%
1990s
43.8%
1990s
42.4%
% Correct
1950s
39.4%
2000s
39.2%
2010s
38.3%
2010s
36.1%
1980s
36%
1940s
35.7%
1950s
34.5%
1930s
31.5%
1950s
30.6%
1940s
28%
1960s
27.2%
1950s
25%
1930s
24.3%
1970s
23%
1990s
22.8%
1980s
22.5%
1940s
21.8%
1970s
21%
1950s
20.7%
1940s
18.6%
1960s
17.2%
1940s
12%

You're not logged in!

Compare scores with friends on all Sporcle quizzes.
OR
Log In

You Might Also Like...

Show Comments

Extras

Top Quizzes Today


Score Distribution

Your Account Isn't Verified!

In order to create a playlist on Sporcle, you need to verify the email address you used during registration. Go to your Sporcle Settings to finish the process.

Report this User

Report this user for behavior that violates our Community Guidelines.

Details: